00658nam a2200241 a 4500001001300000003000900013005001700022008004100039020001000080082001600090100001700106245003000123260003800153300000900191500003500200505001000235650003000245700001700275902000800292942000700300952009400307999001500401nice12345678IN_TiNIC20260116011518.0050524s1882 lona grs 000 0 abg  ac10000a492.73bSTE aSteingass, F aEnglish Arabic Dictionary aLondonbSamson Low, Marstonc1882 a466p aincludes index and biblioraphy2 aIndex aDictionary-English Arabic1 aSteingass, F bRBA cDS 00104070aHMIbHMId2007-06-07g100.00l0o492.73 STEp71r2023-03-10w2026-01-16yARB c2188d2188